En defensa del Estado constitucional de Derecho

Bibliographic Details
Main Author: Aguil ̤Regla, Josep
Format: eBook
Language:Spanish
Published: Lima: Palestra Editores, 2021
Subjects:
Online Access:Acceso restringido

MARC

LEADER 00000nam a22000007a 4500
005 20220822213610.0
007 cr|||| ||||
008 220822s2021 pe |||||s|||| 00||0 spa d
020 |a 9786123251864 
035 |a 36916 
040 |a vLex 
090 |c 13772  |d 13772 
100 1 |a Aguil ̤Regla, Josep 
245 1 2 |a En defensa del Estado constitucional de Derecho  |h [Recurso electrn̤ico] /  |c Josep Aguil ̤Regla 
256 |a Servicio en ln̕ea 
260 |a Lima:  |b Palestra Editores,  |c 2021 
300 |a 1 recurso electrn̤ico 
500 |a Si partimos de la idea de que la tarea de una teora̕ del Derecho es construir los conceptos jurd̕icos adecuados para poder dar cuenta de la prc̀tica del Derecho (de su racionalidad y de su mťodo), el “constitucionalismo jurd̕ico” es el movimiento ter̤ico orientado a construir una teora̕ del Derecho y del razonamiento jurd̕ico adaptada a este nuevo marco jurd̕ico-polt̕ico: un orden jurd̕ico constitucionalizado (o en proceso de constitucionalizacin̤). Naturalmente, esta nueva teora̕ del Derecho est ̀lejos de estar acabada, est ̀en construccin̤. Por ello, los estudios aqu ̕reunidos pretenden ser contribuciones. Los tres primeros trabajos son fragmentos de teora̕ jurd̕ica de la constitucin̤. Los tres siguientes trabajos tienen en comn︢ que giran en torno a las conexiones entre acordar (decidir colectivamente) y debatir (deliberar colectivamente). Los dos l︢timos trabajos (“Los deberes internos a la prc̀tica de la jurisdiccin̤…” y “Las presunciones en el Derecho”) tratan de abordar viejas cuestiones desde esta nueva teora̕ del Derecho. 
506 1 |a Disponible solo en los productos indicados  |d vLex Global  |d vLex Global (Academic Edition, excluding Law Schools)  |d vLex Global (U.S. Academic Edition, Law Schools)  |d vLex Global (U.S. Academic Edition, excluding Law Schools)  |d vLex Global (Academic Edition, Law Schools) 
650 0 4 |a Derecho Constitucional  |z Per︢ 
740 0 |a vLex Libros (Servicio en ln̕ea) 
856 4 0 |u https://app.vlex.com/#/sources/36916  |z Acceso restringido 
942 |c BOOK 
999 0 |a Constitutional right